| 000 | 00663nam a2200241Ia 4500 | ||
|---|---|---|---|
| 005 | 20250425161953.0 | ||
| 008 | 250425s9999 xx 000 0 und d | ||
| 020 | _a922108227X | ||
| 041 | _aeng | ||
| 082 | _a658.022 | ||
| 100 | _aTHEOCHARIDES, S. | ||
| 245 | 0 | _aINTEGRATED STRATEGIES FOR SMALL ENTERPRISE DEVELOPMENT A POLICY PAPER | |
| 250 | _aS.E. | ||
| 260 | _aGINEBRA | ||
| 260 |
_aSuiza _bINTERNATIONAL LABOUR OFFICE _c1991 |
||
| 300 | _a22 | ||
| 500 | _aEntrepeurship and management development branch | ||
| 650 | _aEMPRESARIOS | ||
| 650 | _aESTRATEGIAS | ||
| 650 | _aPROGRAMAS DE DESARROLLO EMPRESARIAL | ||
| 942 | _c01 | ||
| 010 | _a38075 | ||
| 999 |
_c219882 _d219882 |
||